Nadeelum paricharanavum (Record no. 63375)

MARC details
000 -LEADER
fixed length control field 00246nam a2200109Ia 4500
100 ## - MAIN ENTRY--AUTHOR NAME
Personal name Ambily K K
245 #0 - TITLE STATEMENT
Title Nadeelum paricharanavum
260 ## - PUBLICATION, DISTRIBUTION, ETC. (IMPRINT)
Name of publisher Rubber
Year of publication 2017
300 ## - PHYSICAL DESCRIPTION
Number of Pages 15-Nov
942 ## - ADDED ENTRY ELEMENTS (KOHA)
Koha item type Journals
Holdings
Withdrawn status Lost status Damaged status Not for loan Home library Current library Shelving location Date acquired Serial Enumeration / chronology Koha item type
      Journals RRII Library RRII Library Agronomy 17/12/2021 Volume 615, Issue June Journals